000 00862nam a2200121Ia 4500
008 220620s9999||||xx |||||||||||||| ||und||
100 _aPineda, Victor Santiago
245 0 _aBuilding the Inclusive City
_bGovernance, Access, and the Urban Transformation of Dubai
546 _aEnglish[eng]
650 _aUrban Studies/Sociology||Disability Studies||Public Policy||Social Justice, Equality and Human Rights||Middle Eastern Culture||Urban Sociology||Biotechnology||Human Rights||Urban Studies||Urban Affairs||Urban Planning||Urban Governance||Middle East||Dubai||City States||Urbanization||Public Administration||Sociology||Development Studies||Gulf Studies||Urban communities||Public administration||Politics & government||Cultural studies
856 _uhttps://library.oapen.org/bitstream/20.500.12657/41752/1/2020_Book_BuildingTheInclusiveCity.pdf
942 _cEB
999 _c32201
_d32201